Lieux par panneau marron - Statistiques

Statistiques générales
  • Ce quiz a été pris 33 fois
  • Le résultat moyen est 9 sur 15
Statistiques - réponses
Par images Hint Réponse % Correct
Îlot Mont Saint-Michel
97%
Ville Bordeaux
90%
Fleuve Loire
90%
Parc d'attraction Puy du fou
90%
Ville Toulouse
90%
Zoo Beauval
87%
Ville Strasbourg
81%
Ville Saumur
77%
Ville Annecy
61%
Ville Angers
58%
Etendue d'eau Bassin d'Arcachon
29%
Ville Dijon
23%
Château Villandry
19%
Ville Nyons
10%
Département Rhône
10%
Aucun quiz correspondant
Distribution des résultats
% des personnes avec chaque résultat
Percentile par nombre de réponses
Votre historique - résultats
Vous n’avez pas pris ce quiz